Albums Kendrick Lamae - Statistics

General Stats
  • This quiz has been taken 12 times
  • The average score is 6 of 8
Answer Stats
Year Answer % Correct
2017 DAMN.
100%
2012 good kid, m.A.A.d city
91%
2022 Mr. Morale & The Big Steppers
91%
2015 To Pimp A Butterfly
91%
2024 GNX
82%
2011 Section 80
73%
2016 untitled unmastered.
64%
2010 Overly Dedicated
18%
No matching quizzes found
Score Distribution
Percent of People with Each Score
Percentile by Number Answered
Your Score History
You have not taken this quiz